| Tag |
First Indicator |
Second Indicator |
Subfields |
| LEADER |
00000cam a2200000Ka 4500 |
| 001 |
in00001687362 |
| 005 |
20220106085728.0 |
| 006 |
m d f |
| 008 |
020613s2001 dcu s f000 0 eng d |
| 035 |
|
|
|a (OCoLC)ocm49995874
|
| 040 |
|
|
|a GPO
|b eng
|c GPO
|d MvI
|
| 049 |
|
|
|a WWW
|
| 074 |
|
|
|a 0722-A-01 (online)
|
| 086 |
0 |
|
|a J 1.14/16:2002018542
|
| 245 |
1 |
0 |
|a Trust but verify :
|b a guide to using e-mail correspondence.
|
| 264 |
|
1 |
|a [Washington, D.C.] :
|b National Infrastructure Protection Center,
|c [2001]
|
| 336 |
|
|
|a text
|b txt
|2 rdacontent
|
| 337 |
|
|
|a computer
|b c
|2 rdamedia
|
| 338 |
|
|
|a online resource
|b cr
|2 rdacarrier
|
| 500 |
|
|
|a Title from title screen.
|
| 538 |
|
|
|a Mode of access: Internet from the NIPC web site. Address as of 6/13/02: http://www.nipc.gov/publications/nipcpub/penpals.html; current access is available via PURL.
|
| 650 |
|
0 |
|a Computer viruses
|x Prevention
|v Handbooks, manuals, etc.
|
| 650 |
|
0 |
|a Electronic mail systems
|v Handbooks, manuals, etc.
|
| 710 |
2 |
|
|a National Infrastructure Protection Center (U.S.)
|
| 856 |
4 |
0 |
|u https://purl.fdlp.gov/GPO/LPS19698
|t 0
|
| 856 |
4 |
0 |
|u https://purl.fdlp.gov/GPO/LPS19698
|t 0
|
| 999 |
f |
f |
|s d9a08f41-e116-3960-bde7-2526bf2120f2
|i dbede422-71d2-310e-b9d6-b921280b6e60
|t 0
|
| 952 |
f |
f |
|a Texas A&M University
|b College Station
|c Electronic Resources
|d Available Online
|t 0
|e J 1.14/16:2002018542
|h Superintendent of Documents classification
|
| 998 |
f |
f |
|a J 1.14/16:2002018542
|t 0
|l Available Online
|